El secuestro de Julio Anguita : (Record no. 192636)
[ view plain ]
| 000 -LEADER | |
|---|---|
| campo de control de longitud fija | 01175cam a2200349 i 4500 |
| 001 - NÚMERO DE CONTROL | |
| campo de control | 192636 |
| 003 - IDENTIFICADOR DE NÚMERO DE CONTROL | |
| campo de control | SpMaBN |
| 005 - FECHA Y HORA DE LA ÚLTIMA TRANSACCIÓN | |
| campo de control | 20250929063314.0 |
| 007 - CAMPO FIJO DE DESCRIPCIÓN FÍSICA--INFORMACIÓN GENERAL | |
| campo de control de longitud fija | ta |
| 008 - DATOS DE LONGITUD FIJA--INFORMACIÓN GENERAL | |
| campo de control de longitud fija | 090616s2009 sp | |||| 000 f spa |
| 017 ## - NÚMERO DE COPYRIGHT O DE DEPÓSITO LEGAL | |
| Número de copyright o de depósito legal | CO 476-2009 |
| Agencia que asigna | Oficina Depósito Legal Córdoba |
| 020 ## - NÚMERO INTERNACIONAL ESTÁNDAR DEL LIBRO | |
| Número Internacional Estándar del Libro | 9788493688530 |
| 035 ## - NÚMERO DE CONTROL DEL SISTEMA | |
| Número de control de sistema | (OCoLC)733648340 |
| 040 ## - FUENTE DE CATALOGACIÓN | |
| Centro catalogador/agencia de origen | SpMaBN |
| Lengua de catalogación | spa |
| Centro/agencia transcriptor | ES-MaACL |
| Normas de descripción | rda |
| 080 ## - NÚMERO DE LA CLASIFICACIÓN DECIMAL UNIVERSAL | |
| Número de la Clasificación Decimal Universal | 821.134.2-31"19" |
| 100 1# - ENTRADA PRINCIPAL--NOMBRE DE PERSONA | |
| Nombre de persona | Sánchez Blanco, Manuel, |
| Fechas asociadas al nombre | 1925- |
| Término indicativo de función/relación | Autor |
| 9 (RLIN) | 176415 |
| 245 13 - MENCIÓN DEL TÍTULO | |
| Título | El secuestro de Julio Anguita : |
| Resto del título | [(novela)] / |
| Mención de responsabilidad, etc. | Manuel Sánchez Blanco |
| 250 ## - MENCION DE EDICION | |
| Mención de edición | Primera edición, abril 2009 |
| 264 #1 - PRODUCCIÓN, PUBLICACIÓN, DISTRIBUCIÓN, FABRICACIÓN Y COPYRIGHT | |
| Producción, publicación, distribución, fabricación y copyright | Córdoba : |
| Nombre del de productor, editor, distribuidor, fabricante | El Páramo, |
| Fecha de producción, publicación, distribución, fabricación o copyright | 2009 |
| 300 ## - DESCRIPCIÓN FÍSICA | |
| Extensión | 269 páginas ; |
| Dimensiones | 21 cm |
| 336 ## - TIPO DE CONTENIDO | |
| Fuente | rdacontent |
| Término de tipo de contenido | Texto |
| 337 ## - TIPO DE MEDIO | |
| Fuente | rdamedia |
| Nombre/término del tipo de medio | sin mediación |
| 338 ## - TIPO DE SOPORTE | |
| Fuente | rdacarrier |
| Nombre/término del tipo de soporte | volumen |
| 490 1# - MENCIÓN DE SERIE | |
| Mención de serie | Córdoba con historia ; |
| Designación de volumen o secuencia | 3 |
| 600 14 - PUNTO DE ACCESO ADICIONAL DE MATERIA--NOMBRE DE PERSONA | |
| 9 (RLIN) | 21771 |
| Nombre de persona | Anguita González, Julio, |
| Fechas asociadas al nombre | 1941-2020 |
| 655 #7 - TERMINO DE INDIZACIÓN--GENERO/FORMA | |
| 9 (RLIN) | 235273 |
| Datos o término principal de género/forma | Novelas políticas |
| 830 #0 - PUNTO DE ACCESO ADICIONAL DE SERIE-TÍTULO UNIFORME | |
| Título uniforme | Córdoba con historia |
| Designación de volumen o secuencia | 3 |
| 9 (RLIN) | 176416 |
| 852 ## - LOCALIZACIÓN | |
| Ubicación | ES-MaACL |
| Sublocalización o colección | R. 153204 |
| Número de control de estantería | N-8268 |
| Ubicación en estantería | Depósito J |
| Donativo/Legado | Donación: Editorial |
| itemnumber | 199930 |
| 942 ## - ELEMENTOS DE ENTRADA SECUNDARIOS (KOHA) | |
| Suprimir en OPAC | No |
| Tipo de ítem Koha | Libro impreso |
| Estatus retirado | Estado de pérdida | Fuente del sistema de clasificación o colocación | Estado de daño | No para préstamo | Biblioteca de origen | Biblioteca actual | Ubicación en estantería | Fecha de adquisición | Fuente de adquisición | Total de préstamos | Signatura topográfica completa | Código de barras | Visto por última vez | Tipo de ítem Koha |
|---|---|---|---|---|---|---|---|---|---|---|---|---|---|---|
| Clasificación decimal universal | Biblioteca del Ateneo de Madrid | Biblioteca del Ateneo de Madrid | Depósito J | 01/12/2021 | Donación | N-8268 | 101205229 | 07/05/2023 | Libro impreso |
